[Event "European Rapid Championship 2021"]
[Site "Katowice"]
[Date "2021.12.19"]
[Round "8.30"]
[White "Szpar, Milosz"]
[Black "Kacprzak, Kacper"]
[Result "1-0"]
[WhiteElo "2315"]
[BlackElo "2042"]
[Annotator "NA"]
[PlyCount "143"]
[EventDate "2021.12.18"]
[EventType "swiss"]
[EventCountry "POL"]
[SourceTitle "playchess.com"]
[Source "ChessBase"]
[SourceQuality "1"]
[TimeControl "900+10"]

1. e4 {[%emt 0:00:02]} c5 {[%emt 0:00:01]} 2. Nf3 {[%emt 0:00:02]} d6 {[%emt 0:
00:02]} 3. d4 {[%emt 0:00:03]} cxd4 {[%emt 0:00:02]} 4. Qxd4 {[%emt 0:00:03]}
Nf6 {[%emt 0:00:12]} 5. Nc3 {[%emt 0:00:03]} a6 {[%emt 0:00:15]} 6. Bg5 {
[%emt 0:00:04]} Nc6 {[%emt 0:00:03]} 7. Qe3 {[%emt 0:00:05]} e6 {[%emt 0:00:41]
} 8. Be2 {[%emt 0:00:08]} Be7 {[%emt 0:00:03]} 9. O-O {[%emt 0:00:22]} O-O {
[%emt 0:00:03]} 10. Rfd1 {[%emt 0:00:11]} Qc7 {[%emt 0:00:07]} 11. Rd2 {
[%emt 0:01:12]} b5 {[%emt 0:01:57]} 12. Rad1 {[%emt 0:00:25]} Rd8 {[%emt 0:00:
22]} 13. h3 {[%emt 0:01:35]} Bb7 {[%emt 0:00:32]} 14. a3 {[%emt 0:00:29]} Rac8
{[%emt 0:00:49]} 15. Qf4 {[%emt 0:02:08]} Ne5 {[%emt 0:01:47]} 16. Nxe5 {
[%emt 0:02:34]} dxe5 {[%emt 0:00:04]} 17. Rxd8+ {[%emt 0:00:10]} Rxd8 {[%emt 0:
01:44]} 18. Rxd8+ {[%emt 0:00:30]} Bxd8 {[%emt 0:00:03]} 19. Qe3 {[%emt 0:01:
18]} h6 {[%emt 0:00:43]} 20. Bh4 {[%emt 0:01:08]} Be7 {[%emt 0:00:42]} 21. Bd3
{[%emt 0:01:05]} Bc5 {[%emt 0:01:33]} 22. Qe2 {[%emt 0:00:45]} Nd7 {[%emt 0:01:
04]} 23. Nd1 {[%emt 0:00:58]} Nf8 {[%emt 0:00:02]} 24. b4 {[%emt 0:00:58]} Bb6
{[%emt 0:01:15]} 25. Bg3 {[%emt 0:00:23]} Ng6 {[%emt 0:00:01]} 26. Kh1 {
[%emt 0:00:29]} Nf4 {[%emt 0:00:47]} 27. Qd2 {[%emt 0:00:05]} Bc6 {[%emt 0:02:
17]} 28. f3 {[%emt 0:00:07]} a5 {[%emt 0:00:26]} 29. Bf2 {[%emt 0:00:46]} axb4
{[%emt 0:00:03]} 30. axb4 {[%emt 0:00:11]} Qa7 {[%emt 0:00:19]} 31. Bxb6 {
[%emt 0:00:29]} Qxb6 {[%emt 0:00:01]} 32. Qc3 {[%emt 0:00:14]} f6 {[%emt 0:00:
29]} 33. Kh2 {[%emt 0:00:05]} h5 {[%emt 0:00:08]} 34. g3 {[%emt 0:00:10]} Ng6 {
[%emt 0:00:01]} 35. h4 {[%emt 0:00:02]} Nf8 {[%emt 0:00:18]} 36. Kg2 {[%emt 0:
00:07]} Nd7 {[%emt 0:00:06]} 37. Qb3 {[%emt 0:00:19]} Bb7 {[%emt 0:00:02]} 38.
Nc3 {[%emt 0:00:15]} Ba6 {[%emt 0:00:03]} 39. Qa2 {[%emt 0:00:10]} Nb8 {
[%emt 0:00:22]} 40. Kf1 {[%emt 0:01:03]} Kf7 {[%emt 0:00:06]} 41. Qa5 {[%emt 0:
00:17]} Qxa5 {[%emt 0:01:10]} 42. bxa5 {[%emt 0:00:02]} Nc6 {[%emt 0:00:23]}
43. Bxb5 {[%emt 0:00:26]} Bxb5+ {[%emt 0:00:02]} 44. Nxb5 {[%emt 0:00:01]} Nxa5
{[%emt 0:00:01]} 45. Ke2 {[%emt 0:00:06]} Ke7 {[%emt 0:00:06]} 46. Kd3 {
[%emt 0:00:04]} g5 {[%emt 0:00:08]} 47. Kc3 {[%emt 0:00:32]} Kd7 {[%emt 0:00:
26]} 48. Kb4 {[%emt 0:00:04]} Nb7 {[%emt 0:00:01]} 49. Na3 {[%emt 0:00:14]} Kc6
{[%emt 0:00:26]} 50. Nc4 {[%emt 0:00:05]} gxh4 {[%emt 0:00:02]} 51. gxh4 {
[%emt 0:00:01]} Nc5 {[%emt 0:00:15]} 52. Na5+ {[%emt 0:00:04]} Kb6 {[%emt 0:00:
01]} 53. Nc4+ {[%emt 0:00:00]} Kc6 {[%emt 0:00:00]} 54. Na5+ {[%emt 0:00:08]}
Kb6 {[%emt 0:00:01]} 55. Nb3 {[%emt 0:00:03]} Na6+ {[%emt 0:00:07]} 56. Kc4 {
[%emt 0:00:01]} Kc6 {[%emt 0:00:28]} 57. Nc1 {[%emt 0:00:07]} Nc5 {[%emt 0:00:
09]} 58. Ne2 {[%emt 0:00:03]} Kd6 {[%emt 0:01:04]} 59. Ng3 {[%emt 0:00:07]} Nd7
{[%emt 0:00:06]} 60. Nxh5 {[%emt 0:00:03]} f5 {[%emt 0:00:00]} 61. Kb5 {
[%emt 0:00:42]} Ke7 {[%emt 0:00:15]} 62. Ng3 {[%emt 0:00:10]} fxe4 {[%emt 0:00:
07]} 63. Nxe4 {[%emt 0:00:09]} Nf8 {[%emt 0:00:01]} 64. c4 {[%emt 0:00:12]} Ng6
{[%emt 0:00:02]} 65. h5 {[%emt 0:00:01]} Nf4 {[%emt 0:00:00]} 66. Ng3 {[%emt 0:
00:15]} Kd7 {[%emt 0:00:23]} 67. c5 {[%emt 0:00:08]} Kc7 {[%emt 0:00:01]} 68.
h6 {[%emt 0:00:04]} Ng6 {[%emt 0:00:01]} 69. h7 {[%emt 0:00:06]} Nh8 {[%emt 0:
00:01]} 70. c6 {[%emt 0:00:04]} Nf7 {[%emt 0:00:02]} 71. Ne4 {[%emt 0:00:04]}
Nh8 {[%emt 0:00:02]} 72. Ng5 1-0

[Event "European Rapid Championship 2021"]
[Site "Katowice"]
[Date "2021.12.19"]
[Round "9.1"]
[White "Motylev, Alexander"]
[Black "Donchenko, Alexander"]
[Result "1-0"]
[WhiteElo "2703"]
[BlackElo "2535"]
[Annotator "TA"]
[PlyCount "87"]
[EventDate "2021.12.18"]
[EventType "swiss"]
[EventCountry "POL"]
[SourceTitle "playchess.com"]
[Source "ChessBase"]
[SourceQuality "1"]

{[%evp 27,87,12,21,18,22,25,25,33,37,27,63,60,63,63,59,47,56,46,114,94,162,144,
162,107,186,114,258,260,258,238,329,332,477,507,566,464,798,802,808,759,980,
815,1252,1178,1087,1412,29982,29976,29976,29977,29977,29978,29978,29979,29979,
29980,29980,29981,29981,29982,29982,29980]} 1. e4 c5 2. Nf3 d6 3. Bb5+ Bd7 4.
Bxd7+ Qxd7 5. O-O Nf6 6. Qe2 Nc6 7. c3 e6 8. d4 cxd4 9. cxd4 d5 10. e5 Ne4 11.
Be3 Be7 12. Ne1 f6 13. f3 Ng5 14. Nd3 O-O 15. Nd2 {B52: Sicilian: Moscow
Variation with 3...Bd7.} Nf7 {[%cal Rf6e5]} 16. f4 Rac8 {has lost popularity 
(16...f5).} 17. Nf3 {White has an edge.} Nh6 {[#]} 18. h3 $146 ({Predecessor:} 
18. Rae1 fxe5 19. dxe5 Qe8 20. Rc1 Qg6 21. Bc5 Nf5 22. Bxe7 Nfxe7 23. Qd2 h6
24. Nc5 {0-1 (39) Fette,M (2385)-Loginov,V (2540) Kecskemet 1992}) 18... Nb4
19. exf6 gxf6 20. Nc5 $1 Bxc5 21. dxc5 Nc6 22. Rad1 Qe7 (22... Nf5 $14) 23. Bf2
Rcd8 (23... Nf5 $16 {might work better.}) 24. Rfe1 {[%cal Ob2b4]} Rfe8 25. a3 (
{Better is} 25. b4 $18) 25... a5 {[#]} (25... Qf7 $16) 26. Qd2 ({White should
play} 26. b4 $1 $18) 26... Qg7 {[#] Loses the game.} (26... Nf5 $16) 27. b4 $1
$18 axb4 28. axb4 {[%cal Ba3b4,Bb4b5][%mdl 32]} Kh8 29. b5 Rg8 (29... Nb8 {
was called for.} 30. Qc3 Rg8) 30. Bh4 {Active counter play!} Na5 31. Rxe6 Rdf8
(31... Nc4 $142) 32. Qe2 Nf5 33. Rxd5 Nxh4 34. Nxh4 Qg3 35. Rh5 {[%cal Oh5h7]
Rxh7+! would kill now.} Rf7 36. Re8 Rfg7 {To avoid Rg5} 37. Rxg8+ {White mates.
} Rxg8 {[#]} 38. Rxh7+ $3 {[%mdl 512]} Kxh7 39. Qh5+ Kg7 40. Nf5+ Kf8 41. Nxg3
Rxg3 42. Qh4 {[%csl LRf6,LRg3]} Rg6 43. f5 Rg5 44. Qb4 {Weighted Error Value:
White=0.12 (very precise) /Black=0.78} 1-0

[Event "European Rapid Championship 2021"]
[Site "Katowice"]
[Date "2021.12.19"]
[Round "9.1"]
[White "Adamczewski, Maciej"]
[Black "Druckenthaner, Andreas"]
[Result "0-1"]
[WhiteElo "2081"]
[BlackElo "2291"]
[Annotator "NA"]
[PlyCount "122"]
[EventDate "2021.12.18"]
[EventType "swiss"]
[EventCountry "POL"]
[SourceTitle "playchess.com"]
[Source "ChessBase"]
[SourceQuality "1"]
[TimeControl "900+10"]

1. d4 {[%emt 0:00:02]} f5 {[%emt 0:00:02]} 2. g4 {[%emt 0:00:02]} fxg4 {
[%emt 0:00:05]} 3. h3 {[%emt 0:00:01]} d5 {[%emt 0:00:14]} 4. Qd3 {[%emt 0:00:
03]} Nf6 {[%emt 0:00:17]} 5. Nc3 {[%emt 0:00:06]} Nc6 {[%emt 0:00:19]} 6. Bf4 {
[%emt 0:00:40]} a6 {[%emt 0:00:12]} 7. a3 {[%emt 0:00:10]} g6 {[%emt 0:00:20]}
8. hxg4 {[%emt 0:00:10]} Bxg4 {[%emt 0:00:03]} 9. f3 {[%emt 0:00:01]} Be6 {
[%emt 0:01:06]} 10. Nh3 {[%emt 0:00:11]} Bg7 {[%emt 0:01:09]} 11. Ng5 {[%emt 0:
00:05]} Bg8 {[%emt 0:01:13]} 12. e3 {[%emt 0:00:29]} Nh5 {[%emt 0:00:12]} 13.
Rxh5 {[%emt 0:00:23]} gxh5 {[%emt 0:00:02]} 14. Bh3 {[%emt 0:00:09]} e5 {
[%emt 0:00:24]} 15. dxe5 {[%emt 0:00:22]} Nxe5 {[%emt 0:00:01]} 16. Qf5 {
[%emt 0:00:29]} Qe7 {[%emt 0:01:08]} 17. O-O-O {[%emt 0:01:21]} c6 {[%emt 0:00:
02]} 18. e4 {[%emt 0:01:06]} h6 {[%emt 0:02:13]} 19. Ne6 {[%emt 0:03:16]} Bxe6
{[%emt 0:00:04]} 20. Qxe6 {[%emt 0:00:03]} Qxe6 {[%emt 0:00:04]} 21. Bxe6 {
[%emt 0:00:03]} d4 {[%emt 0:01:12]} 22. Ne2 {[%emt 0:04:46]} Nxf3 {[%emt 0:00:
44]} 23. Ng3 {[%emt 0:00:02]} Bf6 {[%emt 0:02:17]} 24. Rf1 {[%emt 0:01:40]} Ne5
{[%emt 0:00:14]} 25. Kd1 {[%emt 0:00:34]} Ke7 {[%emt 0:01:17]} 26. Bb3 {
[%emt 0:00:03]} Raf8 {[%emt 0:00:42]} 27. Nf5+ {[%emt 0:00:02]} Kd7 {[%emt 0:
00:11]} 28. Ke2 {[%emt 0:00:30]} Ng4 {[%emt 0:00:37]} 29. c3 {[%emt 0:00:16]}
d3+ {[%emt 0:00:13]} 30. Kxd3 {[%emt 0:00:22]} Bg5 {[%emt 0:00:02]} 31. Bg3 {
[%emt 0:01:40]} h4 {[%emt 0:00:02]} 32. Bd1 {[%emt 0:00:12]} hxg3 {[%emt 0:00:
40]} 33. Bxg4 {[%emt 0:00:01]} Kc7 {[%emt 0:00:19]} 34. Rf3 {[%emt 0:00:31]} h5
{[%emt 0:00:10]} 35. Bh3 {[%emt 0:00:20]} h4 {[%emt 0:00:01]} 36. Kc4 {[%emt 0:
00:08]} Re8 {[%emt 0:00:35]} 37. Ng7 {[%emt 0:00:43]} Rxe4+ {[%emt 0:00:15]}
38. Kd3 {[%emt 0:00:00]} Re5 {[%emt 0:00:21]} 39. Kd4 {[%emt 0:00:15]} Rd5+ {
[%emt 0:00:06]} 40. Ke4 {[%emt 0:00:03]} Rg8 {[%emt 0:00:36]} 41. c4 {[%emt 0:
00:11]} Rxg7 {[%emt 0:00:10]} 42. cxd5 {[%emt 0:00:01]} cxd5+ {[%emt 0:00:01]}
43. Kxd5 {[%emt 0:00:03]} Be7 {[%emt 0:00:13]} 44. Rc3+ {[%emt 0:00:04]} Kb8 {
[%emt 0:00:08]} 45. Rc8+ {[%emt 0:00:06]} Ka7 {[%emt 0:00:01]} 46. Bg2 {
[%emt 0:00:03]} h3 {[%emt 0:00:14]} 47. Bxh3 {[%emt 0:00:29]} g2 {[%emt 0:00:
01]} 48. Bxg2 {[%emt 0:00:18]} Rxg2 {[%emt 0:00:02]} 49. b4 {[%emt 0:00:13]}
Rd2+ {[%emt 0:00:10]} 50. Ke4 {[%emt 0:00:04]} Rd7 {[%emt 0:00:15]} 51. Rc3 {
[%emt 0:00:11]} Bf6 {[%emt 0:00:05]} 52. Rf3 {[%emt 0:00:03]} Bb2 {[%emt 0:00:
03]} 53. Rb3 {[%emt 0:00:02]} Bg7 {[%emt 0:00:13]} 54. Rg3 {[%emt 0:00:07]} Kb8
{[%emt 0:00:09]} 55. Rg6 {[%emt 0:00:10]} Kc7 {[%emt 0:00:01]} 56. Kf4 {
[%emt 0:00:34]} Bb2 {[%emt 0:00:08]} 57. Rg3 {[%emt 0:00:03]} Rd4+ {[%emt 0:00:
11]} 58. Kf5 {[%emt 0:00:04]} Kc6 {[%emt 0:00:10]} 59. Rb3 {[%emt 0:00:01]} Rd2
{[%emt 0:00:01]} 60. Ke4 {[%emt 0:00:07]} Kb5 {[%emt 0:00:04]} 61. Ke3 {
[%emt 0:00:10]} Rh2 {[%emt 0:00:05]} 0-1

[Event "European Rapid Championship 2021"]
[Site "Katowice"]
[Date "2021.12.19"]
[Round "9.2"]
[White "Kosakowski, Jakub"]
[Black "Balog, Imre"]
[Result "0-1"]
[WhiteElo "2438"]
[BlackElo "2629"]
[Annotator "ChessBase"]
[PlyCount "98"]
[EventDate "2021.12.18"]
[EventType "swiss"]
[EventCountry "POL"]
[SourceTitle "playchess.com"]
[Source "ChessBase"]
[SourceQuality "1"]
[TimeControl "900+10"]

1. e4 {[%emt 0:00:03]} e6 {[%emt 0:00:02]} 2. d4 {[%emt 0:00:05]} d5 {[%emt 0:
00:03]} 3. Nd2 {[%emt 0:00:20]} dxe4 {[%emt 0:00:14]} 4. Nxe4 {[%emt 0:00:02]}
Nd7 {[%emt 0:00:02]} 5. Bd3 {[%emt 0:00:12]} Ngf6 {[%emt 0:00:05]} 6. Qe2 {
[%emt 0:00:04]} a6 {[%emt 0:01:34]} 7. Nf3 {[%emt 0:00:20]} Nxe4 {[%emt 0:00:
14]} 8. Bxe4 {[%emt 0:00:32]} Nf6 {[%emt 0:00:03]} 9. Bg5 {[%emt 0:00:10]} Qd6
{[%emt 0:01:16]} 10. O-O-O {[%emt 0:02:53]} Nxe4 {[%emt 0:00:12]} 11. Qxe4 {
[%emt 0:00:02]} Qd5 {[%emt 0:01:11]} 12. Qxd5 {[%emt 0:01:17]} exd5 {[%emt 0:
00:02]} 13. Rhe1+ {[%emt 0:00:03]} Be6 {[%emt 0:00:01]} 14. Bf4 {[%emt 0:00:21]
} O-O-O {[%emt 0:00:05]} 15. Ng5 {[%emt 0:00:15]} Re8 {[%emt 0:01:08]} 16. Re3
{[%emt 0:00:36]} Kd7 {[%emt 0:00:09]} 17. Rde1 {[%emt 0:00:32]} h6 {[%emt 0:00:
09]} 18. Nxe6 {[%emt 0:00:22]} Rxe6 {[%emt 0:00:02]} 19. Rxe6 {[%emt 0:02:06]}
fxe6 {[%emt 0:00:02]} 20. Kd2 {[%emt 0:00:15]} Be7 {[%emt 0:00:30]} 21. Be5 {
[%emt 0:00:42]} Rf8 {[%emt 0:00:02]} 22. f3 {[%emt 0:00:45]} g6 {[%emt 0:00:02]
} 23. Kd3 {[%emt 0:00:39]} h5 {[%emt 0:00:36]} 24. b3 {[%emt 0:00:27]} Rf5 {
[%emt 0:01:09]} 25. c4 {[%emt 0:00:38]} dxc4+ {[%emt 0:00:15]} 26. bxc4 {
[%emt 0:00:04]} Bd6 {[%emt 0:00:02]} 27. Ke4 {[%emt 0:02:03]} b5 {[%emt 0:04:
11]} 28. cxb5 {[%emt 0:01:16]} axb5 {[%emt 0:00:02]} 29. Rb1 {[%emt 0:00:08]}
Bxe5 {[%emt 0:01:32]} 30. dxe5 {[%emt 0:00:01]} Kc6 {[%emt 0:00:00]} 31. h4 {
[%emt 0:01:23]} Rf8 {[%emt 0:00:31]} 32. Rb2 {[%emt 0:00:47]} Kc5 {[%emt 0:00:
13]} 33. g4 {[%emt 0:00:12]} b4 {[%emt 0:00:13]} 34. gxh5 {[%emt 0:00:44]} gxh5
{[%emt 0:00:01]} 35. Rc2+ {[%emt 0:00:04]} Kb6 {[%emt 0:00:01]} 36. Rg2 {
[%emt 0:00:00]} c5 {[%emt 0:01:25]} 37. Rg6 {[%emt 0:00:11]} Re8 {[%emt 0:00:
01]} 38. f4 {[%emt 0:00:01]} Kb5 {[%emt 0:00:01]} 39. f5 {[%emt 0:00:06]} exf5+
{[%emt 0:00:00]} 40. Kxf5 {[%emt 0:00:01]} c4 {[%emt 0:00:02]} 41. e6 {[%emt 0:
00:54]} c3 {[%emt 0:00:04]} 42. Kf6 {[%emt 0:00:10]} c2 {[%emt 0:01:13]} 43.
Rg1 {[%emt 0:00:18]} Kc4 {[%emt 0:00:10]} 44. Kf7 {[%emt 0:00:07]} Ra8 {
[%emt 0:00:02]} 45. e7 {[%emt 0:00:12]} Kc3 {[%emt 0:00:01]} 46. e8=Q {[%emt 0:
00:14]} Rxe8 {[%emt 0:00:01]} 47. Kxe8 {[%emt 0:00:01]} Kb2 {[%emt 0:00:01]}
48. Kf7 {[%emt 0:00:19]} Kxa2 {[%emt 0:00:02]} 49. Kg6 {[%emt 0:00:07]} b3 {
[%emt 0:00:01]} 0-1

[Event "European Rapid Championship 2021"]
[Site "Katowice"]
[Date "2021.12.19"]
[Round "9.2"]
[White "Kowalski, Igor"]
[Black "Kukula, Pawel"]
[Result "1-0"]
[WhiteElo "2295"]
[BlackElo "2088"]
[Annotator "NA"]
[PlyCount "91"]
[EventDate "2021.12.18"]
[EventType "swiss"]
[EventCountry "POL"]
[SourceTitle "playchess.com"]
[Source "ChessBase"]
[SourceQuality "1"]
[TimeControl "900+10"]

1. d4 {[%emt 0:00:02]} Nf6 {[%emt 0:00:02]} 2. Nf3 {[%emt 0:00:02]} g6 {
[%emt 0:00:16]} 3. Nc3 {[%emt 0:00:02]} d5 {[%emt 0:00:16]} 4. Bf4 {[%emt 0:00:
02]} c6 {[%emt 0:00:06]} 5. e3 {[%emt 0:00:02]} Bg7 {[%emt 0:00:06]} 6. Be2 {
[%emt 0:00:06]} O-O {[%emt 0:00:12]} 7. h4 {[%emt 0:00:02]} h5 {[%emt 0:00:45]}
8. Ne5 {[%emt 0:00:05]} Nbd7 {[%emt 0:00:20]} 9. f3 {[%emt 0:00:28]} Nxe5 {
[%emt 0:01:34]} 10. Bxe5 {[%emt 0:00:03]} Nd7 {[%emt 0:01:34]} 11. Bxg7 {
[%emt 0:00:10]} Kxg7 {[%emt 0:00:02]} 12. g4 {[%emt 0:00:03]} Nf6 {[%emt 0:00:
08]} 13. gxh5 {[%emt 0:02:57]} Nxh5 {[%emt 0:00:07]} 14. Qd2 {[%emt 0:00:10]}
Ng3 {[%emt 0:01:28]} 15. Rh2 {[%emt 0:00:42]} Qd6 {[%emt 0:00:14]} 16. Bd3 {
[%emt 0:00:11]} Rh8 {[%emt 0:00:06]} 17. O-O-O {[%emt 0:01:09]} a5 {[%emt 0:02:
01]} 18. Rg1 {[%emt 0:00:30]} a4 {[%emt 0:00:04]} 19. f4 {[%emt 0:03:49]} Nf5 {
[%emt 0:03:42]} 20. h5 {[%emt 0:00:09]} Bd7 {[%emt 0:01:54]} 21. hxg6 {[%emt 0:
00:48]} fxg6 {[%emt 0:00:14]} 22. Rxh8 {[%emt 0:00:31]} Rxh8 {[%emt 0:00:03]}
23. Nxa4 {[%emt 0:00:03]} Qf6 {[%emt 0:00:38]} 24. Nc5 {[%emt 0:03:55]} Bc8 {
[%emt 0:00:13]} 25. b3 {[%emt 0:02:01]} Rh3 {[%emt 0:00:48]} 26. Bxf5 {[%emt 0:
00:31]} Bxf5 {[%emt 0:00:52]} 27. Nxb7 {[%emt 0:00:13]} Qh4 {[%emt 0:00:05]}
28. Rg2 {[%emt 0:00:45]} Be4 {[%emt 0:00:08]} 29. Re2 {[%emt 0:00:03]} Rh1+ {
[%emt 0:00:29]} 30. Kb2 {[%emt 0:00:01]} Qg3 {[%emt 0:00:10]} 31. Qb4 {[%emt 0:
00:09]} Kf8 {[%emt 0:00:39]} 32. Nd8 {[%emt 0:00:19]} Qg1 {[%emt 0:00:06]} 33.
Ka3 {[%emt 0:00:07]} Qc1+ {[%emt 0:00:33]} 34. Ka4 {[%emt 0:00:01]} Qf1 {
[%emt 0:00:17]} 35. Rd2 {[%emt 0:00:19]} Qa6+ {[%emt 0:00:24]} 36. Qa5 {
[%emt 0:00:01]} Qc8 {[%emt 0:00:06]} 37. Qb6 {[%emt 0:00:04]} Qa8+ {[%emt 0:00:
04]} 38. Kb4 {[%emt 0:00:00]} Qxa2 {[%emt 0:00:09]} 39. Nxc6 {[%emt 0:00:05]}
Ra1 {[%emt 0:00:11]} 40. Qd8+ {[%emt 0:00:11]} Kg7 {[%emt 0:00:05]} 41. Qxe7+ {
[%emt 0:00:04]} Kg8 {[%emt 0:00:01]} 42. Qe8+ {[%emt 0:00:30]} Kg7 {[%emt 0:00:
01]} 43. Rh2 {[%emt 0:00:14]} Qa3+ {[%emt 0:00:10]} 44. Kc3 {[%emt 0:00:01]}
Ra2 {[%emt 0:00:54]} 45. Qh8+ {[%emt 0:00:04]} Kf7 {[%emt 0:00:01]} 46. Rh7+ {
[%emt 0:00:01]} 1-0

[Event "European Rapid Championship 2021"]
[Site "Katowice"]
[Date "2021.12.19"]
[Round "9.3"]
[White "Bernadskiy, Vitaliy"]
[Black "Brodowski, Piotr"]
[Result "1-0"]
[WhiteElo "2616"]
[BlackElo "2414"]
[Annotator "ChessBase"]
[PlyCount "135"]
[EventDate "2021.12.18"]
[EventType "swiss"]
[EventCountry "POL"]
[SourceTitle "playchess.com"]
[Source "ChessBase"]
[SourceQuality "1"]
[TimeControl "900+10"]

1. e4 {[%emt 0:00:03]} d6 {[%emt 0:00:01]} 2. d4 {[%emt 0:00:01]} Nf6 {[%emt 0:
00:01]} 3. Nc3 {[%emt 0:00:01]} g6 {[%emt 0:00:01]} 4. Bg5 {[%emt 0:00:02]}
Nbd7 {[%emt 0:01:04]} 5. Qe2 {[%emt 0:00:53]} h6 {[%emt 0:00:38]} 6. Bh4 {
[%emt 0:00:06]} g5 {[%emt 0:05:28]} 7. Bg3 {[%emt 0:00:01]} e5 {[%emt 0:00:01]}
8. dxe5 {[%emt 0:00:19]} Nxe5 {[%emt 0:00:01]} 9. O-O-O {[%emt 0:00:42]} Qe7 {
[%emt 0:00:01]} 10. h4 {[%emt 0:01:40]} Bg7 {[%emt 0:00:28]} 11. hxg5 {[%emt 0:
00:02]} hxg5 {[%emt 0:00:01]} 12. Rxh8+ {[%emt 0:00:01]} Bxh8 {[%emt 0:00:00]}
13. Qd2 {[%emt 0:00:20]} Nh5 {[%emt 0:01:45]} 14. Nd5 {[%emt 0:00:02]} Qd8 {
[%emt 0:00:01]} 15. Bh2 {[%emt 0:00:42]} c6 {[%emt 0:01:05]} 16. Nc3 {[%emt 0:
01:07]} Be6 {[%emt 0:00:01]} 17. f3 {[%emt 0:01:56]} Bf6 {[%emt 0:02:32]} 18.
Qxd6 {[%emt 0:01:26]} Qxd6 {[%emt 0:00:02]} 19. Rxd6 {[%emt 0:00:02]} g4 {
[%emt 0:00:07]} 20. Bxe5 {[%emt 0:01:29]} Bxe5 {[%emt 0:00:05]} 21. Rd1 {
[%emt 0:00:02]} g3 {[%emt 0:00:56]} 22. Nge2 {[%emt 0:00:24]} Ke7 {[%emt 0:00:
03]} 23. Kd2 {[%emt 0:03:03]} f5 {[%emt 0:03:18]} 24. Ke1 {[%emt 0:00:04]} f4 {
[%emt 0:00:39]} 25. Na4 {[%emt 0:01:08]} b6 {[%emt 0:00:35]} 26. Nd4 {[%emt 0:
00:11]} Bd7 {[%emt 0:00:01]} 27. Nc3 {[%emt 0:00:30]} Nf6 {[%emt 0:00:01]} 28.
Nce2 {[%emt 0:01:05]} a5 {[%emt 0:00:23]} 29. c3 {[%emt 0:00:02]} a4 {[%emt 0:
00:05]} 30. Nc1 {[%emt 0:00:09]} a3 {[%emt 0:00:10]} 31. b3 {[%emt 0:00:53]} c5
32. Nd3 {[%emt 0:00:02]} Bc7 {[%emt 0:00:43]} 33. Ne2 {[%emt 0:00:07]} Nh5 {
[%emt 0:00:01]} 34. c4 {[%emt 0:00:02]} Be6 {[%emt 0:00:04]} 35. Nc3 {[%emt 0:
00:04]} Kf7 {[%emt 0:00:27]} 36. Kd2 {[%emt 0:00:49]} Nf6 {[%emt 0:00:08]} 37.
Kc2 {[%emt 0:00:21]} Rh8 {[%emt 0:00:06]} 38. Nb5 {[%emt 0:00:01]} Bb8 {
[%emt 0:00:00]} 39. Nxa3 {[%emt 0:00:02]} Rh2 {[%emt 0:00:01]} 40. Nb5 {
[%emt 0:00:10]} Bh3 {[%emt 0:00:10]} 41. Ne1 {[%emt 0:00:19]} Rh1 {[%emt 0:00:
14]} 42. Bd3 {[%emt 0:00:07]} Rh2 {[%emt 0:00:05]} 43. Rd2 {[%emt 0:00:05]} Rh1
{[%emt 0:00:15]} 44. Re2 {[%emt 0:00:01]} Bd7 {[%emt 0:00:07]} 45. e5 {[%emt 0:
00:11]} Bxb5 {[%emt 0:00:22]} 46. cxb5 {[%emt 0:00:15]} Ne8 {[%emt 0:00:09]}
47. Bc4+ {[%emt 0:00:10]} Ke7 {[%emt 0:00:01]} 48. Nd3 {[%emt 0:00:01]} Ng7 {
[%emt 0:00:09]} 49. Nxf4 Nf5 50. Nd5+ {[%emt 0:00:59]} Ke8 {[%emt 0:00:03]} 51.
Re4 {[%emt 0:00:29]} Nd4+ {[%emt 0:00:02]} 52. Kd3 {[%emt 0:00:24]} Nxf3 {
[%emt 0:00:32]} 53. e6 {[%emt 0:00:36]} Ne5+ {[%emt 0:00:35]} 54. Kc3 {[%emt 0:
00:01]} Rg1 {[%emt 0:00:10]} 55. Rh4 {[%emt 0:00:05]} Ng6 {[%emt 0:00:02]} 56.
Rh7 {[%emt 0:00:10]} Be5+ {[%emt 0:00:05]} 57. Kd3 {[%emt 0:00:02]} Rxg2 {
[%emt 0:00:02]} 58. Rh6 {[%emt 0:00:23]} Nf4+ {[%emt 0:00:11]} 59. Nxf4 {
[%emt 0:00:02]} Bxf4 {[%emt 0:00:01]} 60. Rh8+ {[%emt 0:00:01]} Ke7 {[%emt 0:
00:01]} 61. Rh7+ {[%emt 0:00:01]} Ke8 {[%emt 0:00:15]} 62. Ke4 {[%emt 0:00:40]}
Bg5 {[%emt 0:00:08]} 63. Kf3 {[%emt 0:00:20]} Rg1 {[%emt 0:00:13]} 64. Bd5 {
[%emt 0:00:09]} g2 {[%emt 0:00:13]} 65. Bc6+ {[%emt 0:00:04]} Kf8 {[%emt 0:00:
09]} 66. Kg4 {[%emt 0:00:17]} Be7 67. Rf7+ {[%emt 0:00:05]} Kg8 {[%emt 0:00:42]
} 68. Rxe7 {[%emt 0:00:04]} 1-0